000 00460cam a2200157 4500500
005 20250921003623.0
041 _afre
042 _adc
100 1 0 _aGoron, Gaëtan
_eauthor
245 0 0 _aMots croisés #4
260 _c2014.
500 _a9
690 _aMots croisés
786 0 _nPhilosophie Magazine | 81 | 7 | 2014-07-01 | p. 76-76
856 4 1 _uhttps://shs.cairn.info/magazine-philosophie-magazine-2014-7-page-76?lang=fr&redirect-ssocas=7080
999 _c1506668
_d1506668